00772nam a2200193 a 450000100100000000500170001000800410002702000150006804000250008308200150010810000420012324500650016526000460023030000280027659000260030495201130033095201180044399900170056100003996220201002033833.0130801s1998 ck a r 000 0 spa d a9586008207 aDO-SdBNPbspacBNPHU axxxxbxxxx1 aTiznado Santana, Marco Antonio96617810aInternet :bA toda maquina /cMarco Antonio Tiznado Santana. aBogotá, Colombia :bMcGraw-Hill,c1998. a118 p. :bil. ;c21 cm. aInventariado, 2019/BT 001050718MOaGRbGRcHDd2013-08-01iLF1l0oxxxx xxxxp39962-10r2020-06-25w2020-06-25y1ZNo se presta 001050718MOaGRbGRcHDd2019-07-09iLF1l0oxxxx xxxxp39962-20r2020-06-25te.2w2020-06-25y1ZNo se presta c39452d39452